Anatomia de una cultura (Record no. 6720)

MARC details
000 -LEADER
campo de control de longitud fija 00786nam a2200229 i 4500
001 - NÚMERO DE CONTROL
campo de control 6720
003 - IDENTIFICADOR DE NÚMERO DE CONTROL
campo de control ES-MaACL
005 - FECHA Y HORA DE LA ÚLTIMA TRANSACCIÓN
campo de control 20230906145050.0
007 - CAMPO FIJO DE DESCRIPCIÓN FÍSICA--INFORMACIÓN GENERAL
campo de control de longitud fija t|
008 - DATOS DE LONGITUD FIJA--INFORMACIÓN GENERAL
campo de control de longitud fija 900301s1989 sp ||||1| spa d
020 ## - NÚMERO INTERNACIONAL ESTÁNDAR DEL LIBRO
Número Internacional Estándar del Libro 84-86752-11-6
080 ## - NÚMERO DE LA CLASIFICACIÓN DECIMAL UNIVERSAL
Número de la Clasificación Decimal Universal 014.3:05(467.52)Revista de Menorca
080 ## - NÚMERO DE LA CLASIFICACIÓN DECIMAL UNIVERSAL
Número de la Clasificación Decimal Universal 05(467.5):014.3
100 1# - ENTRADA PRINCIPAL--NOMBRE DE PERSONA
Nombre de persona Canut, Maria Luisa.
9 (RLIN) 34704
245 10 - MENCIÓN DEL TÍTULO
Título Anatomia de una cultura
Resto del título : cien años de la Revista de Menorca (1888-1988) /
Mención de responsabilidad, etc. Maria Luisa Canut, Jose Luis Amoros ; proleg de Gabriel Julia Segui.
260 ## - PUBLICACIÓN, DISTRIBUCIÓN, ETC.
Lugar de publicación, distribución, etc. Mahon :
Nombre del editor, distribuidor, etc. Institut Menorqui d'Estudis,
Fecha de publicación, distribución, etc. 1989.
300 ## - DESCRIPCIÓN FÍSICA
Extensión 381 p. ;
Dimensiones 24 cm.
500 ## - NOTA GENERAL
Nota general Indices.
630 07 - PUNTO DE ACCESO ADICIONAL DE MATERIA--TÍTULO UNIFORME
Título uniforme Revista de Menorca-
Subdivisión de forma Indices.
9 (RLIN) 124314
700 1# - ENTRADA AGREGADA--NOMBRE PERSONAL
Nombre de persona Amorós, José Luis.
9 (RLIN) 21315
852 ## - LOCALIZACIÓN
Ubicación ES-MaACL
Número de control de estantería L-13883
Sublocalización o colección R.117538
Nota libre . - rust.
Holdings
Estatus retirado Estado de pérdida Estado de daño No para préstamo Biblioteca de origen Biblioteca actual Ubicación en estantería Fecha de adquisición Fuente de adquisición Total de préstamos Signatura topográfica completa Código de barras Visto por última vez Precio de reemplazo Tipo de ítem Koha
        Biblioteca del Ateneo de Madrid Biblioteca del Ateneo de Madrid Depósito 2 17/01/2008     L-13883 1006847 23/02/2023 23/02/2023 Libro impreso